Highest Rated Players on FIFA 22 - Statistics

General Stats
  • This quiz has been taken 23 times
    14 since last reset
  • The average score is 20 of 30
Answer Stats
Rank Rating Spieler % Correct
3 91 Cristiano Ronaldo
100%
3 91 Kylian Mbappé
100%
1 93 Lionel Messi
100%
12 89 Ederson
83%
3 91 Kevin De Bruyne
83%
3 91 Neymar Jr
83%
2 92 Robert Lewandowski
83%
12 89 Alisson
75%
8 90 Harry Kane
75%
8 90 Manuel Neuer
75%
8 90 N'Golo Kanté
75%
12 89 Virgil van Dijk
75%
12 89 Casemiro
67%
23 88 Erling Haaland
67%
12 89 Karim Benzema
67%
12 89 Mohamed Salah
67%
23 88 Sergio Ramos
67%
12 89 Heung Min Son
58%
12 89 Sadio Mané
58%
12 89 Thibaut Courtois
58%
23 88 Toni Kroos
58%
23 88 Bruno Fernandes
50%
12 89 Gianluigi Donnarumma
50%
3 91 Jan Oblak
50%
23 88 Raheem Sterling
50%
8 90 ter Stegen
50%
12 89 Joshua Kimmich
42%
23 88 Keylor Navas
42%
23 88 Luis Suárez
33%
23 88 Romelu Lukaku
25%
No matching quizzes found
Score Distribution
Percent of People with Each Score
Percentile by Number Answered
Your Score History
You have not taken this quiz since the last reset